|
|
|
|
| LEADER |
01062pam a22002658a 4500 |
| 001 |
00022915 |
| 005 |
20171026081023.0 |
| 008 |
110607s1987 ||||||Viesd |
| 041 |
0 |
# |
|a Vie
|
| 082 |
1 |
# |
|a 891.700 9
|b V115H
|
| 100 |
0 |
# |
|a Nguyễn Hải Hà
|
| 245 |
0 |
0 |
|a Văn học Xô Viết
|c Nguyễn Hải Hà, Đỗ Xuân Hà
|n T.1
|
| 260 |
# |
# |
|a H.
|b Giáo dục
|c 1987
|
| 300 |
# |
# |
|a 200 tr.
|c 20 cm.
|
| 490 |
0 |
# |
|a Sách đại học sư phạm
|
| 650 |
|
|
|a Liên Xô
|
| 650 |
|
|
|a Nghiên cứu văn học
|
| 653 |
# |
# |
|a Giáo trình
|
| 700 |
0 |
# |
|a Đỗ Xuân Hà
|e tác giả
|
| 852 |
# |
# |
|b Kho giáo trình
|j KGT.0023138, KGT.0023139, KGT.0023140, KGT.0023141, KGT.0023142, KGT.0023143, KGT.0023144, KGT.0023145, KGT.0023146, KGT.0033616
|
| 852 |
# |
# |
|b Kho mượn
|j KGT.0023139
|
| 852 |
# |
# |
|b Kho đọc
|j KD.0009281
|
| 852 |
# |
# |
|j KGT.0023143
|j KGT.0023144
|j KGT.0023145
|j KD.0009281
|j KGT.0033616
|j KGT.0023139
|
| 910 |
# |
# |
|a nhnam
|d 07/06/2011
|
| 980 |
# |
# |
|a Trung tâm Học liệu Lê Vũ Hùng, Trường Đại học Đồng Tháp
|